| 000 -LEADER | |
|---|---|
| fixed length control field | 00271nam a22001217a 4500 |
| 020 ## - INTERNATIONAL STANDARD BOOK NUMBER | |
| ISBN | 9988070888 |
| 050 ## - LIBRARY OF CONGRESS CALL NUMBER | |
| Classification number | HF5657.4gya |
| 100 ## - MAIN ENTRY--AUTHOR NAME | |
| Personal name | Gyasi, Kwame |
| 245 ## - TITLE STATEMENT | |
| Title | Management accounting |
| 260 ## - PUBLICATION, DISTRIBUTION, ETC. (IMPRINT) | |
| Place of publication | Accra |
| Name of publisher | EPP Books Services |
| Year of publication | 2005 |
| 300 ## - PHYSICAL DESCRIPTION | |
| Number of Pages | xxi, 526p.:ill |
| 942 ## - ADDED ENTRY ELEMENTS (KOHA) | |
| Koha item type | Books |
| Koha item type | Collection code | Shelving location | Accession Number | Permanent Location | Current Location | Date acquired | Full call number |
|---|---|---|---|---|---|---|---|
| Books | Lending | Lending | 1426 | Chapman Library | Chapman Library | 2016-05-05 | HF5657.4gya |

